El cálculo

Saved in:
Bibliografiske detaljer
Hovedforfatter: Leithold, Louis (Author)
Format: Bog
Sprog:spansk
Udgivet: Iztapalapa Oxford University Press 1998
Udgivelse:7a. ed
Fag:
Tags: Tilføj Tag
Ingen Tags, Vær først til at tagge denne postø!

MARC

LEADER 00000nam a2200000 a 4500
001 UCI0756
003 CL-VaPUC
008 070525e19980000MX |||||||||||||||||spa|d
020 |a 0673469131 
082 0 4 |a 515  |b LEI  |2 21 
100 |a Leithold, Louis  |e author  |9 520945 
245 1 3 |a El cálculo 
250 |a 7a. ed 
300 |a 1360 p 
942 |c BK 
945 |d 20070525 00:00:00  |a jtorresc 
260 |a Iztapalapa  |b Oxford University Press  |c 1998 
650 0 |a Cálculo  |9 260234 
650 0 |a Teoría de números  |9 265327 
650 0 |a Números racionales   |9 316867 
650 0 |a Números reales   |9 270334 
650 0 |a Funciones de variables reales  |9 304566 
583 |a last modification  |c 20140404 07:21:42  |k Rodrigo Vera 
999 |c 325800  |d 325798